02009nam a2200397 a 4500001001000000003000900010005001700019007000300036008004100039020001800080040003000098041000800128082002300136245019600159264004900355300002800404336002700432337003300459338002800492590002600520650002400546650002600570700002500596700002700621700003300648700002700681700002900708910000700737942001400744952014700758952026600905952014701171952013501318952014101453999001701594000044621DO-SdBNP20250129101145.0ta141209s2014 dr 000 0 spa d a9789945475944 aDO-SdBNPbspacBNPHUerda hspa aRD863.6bS715c22200aSospecha colectiva :bantología del taller literario narradores de santo domingo /cElayne Abreu, Gladys Almonte, Valentín de Amaro, Rodolfo Báez, José Alberto Beltrán [y otros 21] aSanto Domingo :bEdiciones Ferilibro,c2014. a207 páginas ;c23 cm. ardacontentbtexto2txt ardamediabsin mediación2n ardacarrierbvolumen2nc aInventariado, 2025/DG 4aCuentos dominicanos 4aLiteratura dominicana1 aAbreu, Elayne9534401 aAlmonte, Gladys9112871 aAmaro, Valentín de 9869271 aBáez, Rodolfo9454451 aBerroa, Fernando,943136 aDG 2ddccLBS1 00102ddc56708DSaBNPHUbBNPHUcCTd2014-12-09l0oBNPHU DS RD863.6 S715cp44621-30r2020-06-25te. 3w2020-06-25yLBS1ZPréstamo en sala 00102ddc56708DSaBNPHUbBNPHUcCTd2015-01-07eDonado por la Presidencia de la República Dominicana 2023l0oBNPHU DS RD863.6 S715cp44621-40r2020-06-25te. 4w2020-06-25yLBS1zPertenecio a la biblioteca de René Rodríguez SorianoZPréstamo en sala 00102ddc56708DSaBNPHUbBNPHUcCTd2015-01-07l0oBNPHU DS RD863.6 S715cp44621-50r2020-06-25te. 5w2020-06-25yLBS1ZPréstamo en sala 00102ddc51708PDaBNPHUbBNPHUcCTd2014-12-09l0oBNPHU PD RD863.3 S715cp44621-10r2020-06-25w2020-06-25yLBS1ZNo se presta 00102ddc51708PDaBNPHUbBNPHUcCTd2014-12-09l0oBNPHU PD RD863.6 S715cp44621-20r2020-06-25te. 2w2020-06-25yLBS1ZNo se presta c44110d44110